[Event "GBR-ch75"]
[Site "Blackpool"]
[Date "1988.08.11"]
[Round "10.17"]
[White "Arkell, Keith C"]
[Black "Carr, Neil L"]
[Result "1-0"]
[WhiteElo "2430"]
[BlackElo "2290"]
[PlyCount "99"]
[EventDate "1988.08.01"]
[EventType "swiss"]
[EventRounds "11"]
[EventCountry "GBR"]
[SourceTitle "BritBase12Sep20"]
[Source "John Saunders"]
[SourceDate "2020.09.12"]
[SourceVersion "1"]
[SourceVersionDate "2020.09.12"]
[SourceQuality "1"]

1. d4 g6 2. Nf3 Bg7 3. c4 d6 4. g3 Nf6 5. Bg2 O-O 6. O-O Nc6 7. Nc3 a6 8. h3
Rb8 9. e4 e5 10. Be3 exd4 11. Nxd4 Re8 12. Nxc6 bxc6 13. Qd2 Nd7 14. f4 c5 15.
Rfe1 Bb7 16. Bf2 Nb6 17. b3 f5 18. exf5 Bxg2 19. Kxg2 gxf5 20. Rad1 Qd7 21. Nd5
Qc6 22. Qd3 Nxd5 23. cxd5 Qd7 24. Rxe8+ Rxe8 25. Qxa6 Re4 26. Qd3 Qe8 27. Rd2
h5 28. Kf3 h4 29. g4 Qf7 30. gxf5 Re7 31. Kg4 Bf6 32. Bxh4 Bxh4 33. Kxh4 Qf6+
34. Kg3 Re1 35. Kh2 Qa1 36. Qf3 Qc1 37. Rf2 Kf8 38. Qg2 Qc3 39. Qg5 Re3 40.
Qh6+ Qg7 41. Qg5 Qc3 42. Qd8+ Kf7 43. Qxc7+ Kf6 44. Qxd6+ Kxf5 45. Qd7+ Ke4 46.
Qe6+ Kd3 47. Qf5+ Kd4 48. Qf6+ Kxd5 49. Qxc3 Rxc3 50. f5 1-0

[Event "GBR-ch75"]
[Site "Blackpool"]
[Date "1988.08.11"]
[Round "10.19"]
[White "Morrison, Graham"]
[Black "Crawley, Gavin"]
[Result "1-0"]
[WhiteElo "2325"]
[BlackElo "2380"]
[PlyCount "51"]
[EventDate "1988.08.01"]
[EventType "swiss"]
[EventRounds "11"]
[EventCountry "GBR"]
[SourceTitle "BritBase12Sep20"]
[Source "John Saunders"]
[SourceDate "2020.09.12"]
[SourceVersion "1"]
[SourceVersionDate "2020.09.12"]
[SourceQuality "1"]

1. Nf3 Nf6 2. c4 g6 3. g3 Bg7 4. Bg2 d5 5. cxd5 Nxd5 6. O-O e5 7. Nc3 O-O 8.
Nxd5 Qxd5 9. d3 Nc6 10. Be3 Qb5 11. Qc2 Be6 12. Ng5 Bd5 13. a4 Qa5 14. Bd2 Bb3
15. Bxa5 Bxc2 16. Bxc6 bxc6 17. Rac1 Bb3 18. Rxc6 Rac8 19. Rc3 Bd5 20. e4 Ba8
21. Bxc7 f5 22. Ne6 Rfe8 23. Bxe5 Rxc3 24. Bxc3 Bxc3 25. bxc3 fxe4 26. Rb1 1-0

[Event "GBR-ch75"]
[Site "Blackpool"]
[Date "1988.08.11"]
[Round "10.20"]
[White "Walker, David"]
[Black "Lalic, Susan Kathryn"]
[Result "1/2-1/2"]
[WhiteElo "2285"]
[BlackElo "2355"]
[PlyCount "22"]
[EventDate "1988.08.01"]
[EventType "swiss"]
[EventRounds "11"]
[EventCountry "GBR"]
[SourceTitle "BritBase12Sep20"]
[Source "John Saunders"]
[SourceDate "2020.09.12"]
[SourceVersion "1"]
[SourceVersionDate "2020.09.12"]
[SourceQuality "1"]

1. d4 e6 2. e4 d5 3. Nd2 Nf6 4. e5 Nfd7 5. Bd3 c5 6. c3 Nc6 7. Ne2 cxd4 8. cxd4
f6 9. exf6 Nxf6 10. Nf3 Bd6 11. O-O Qc7 1/2-1/2

[Event "GBR-ch75"]
[Site "Blackpool"]
[Date "1988.08.11"]
[Round "10.21"]
[White "Cooper, Lawrence"]
[Black "Hempson, Peter W"]
[Result "1/2-1/2"]
[WhiteElo "2335"]
[BlackElo "2225"]
[PlyCount "74"]
[EventDate "1988.08.01"]
[EventType "swiss"]
[EventRounds "11"]
[EventCountry "GBR"]
[SourceTitle "BritBase12Sep20"]
[Source "John Saunders"]
[SourceDate "2020.09.12"]
[SourceVersion "1"]
[SourceVersionDate "2020.09.12"]
[SourceQuality "1"]

1. d4 d5 2. c4 dxc4 3. Nf3 Nf6 4. e3 e6 5. Bxc4 c5 6. O-O a6 7. dxc5 Qxd1 8.
Rxd1 Bxc5 9. a3 b5 10. Be2 Nbd7 11. b4 Be7 12. Bb2 O-O 13. Nbd2 Bb7 14. Rac1
Rfc8 15. Kf1 Kf8 16. Ne5 Nxe5 17. Bxe5 Nd5 18. Nb3 f6 19. Bd4 Rxc1 20. Rxc1 Rc8
21. Rxc8+ Bxc8 22. Bf3 Bd8 23. Bxd5 exd5 24. Ke2 Kf7 25. h3 h5 26. Bc5 g5 27.
Nd4 Bd7 28. Kd3 Bc7 29. Ne2 Bf5+ 30. Kd2 h4 31. Nc3 Be6 32. Ne2 f5 33. f4 g4
34. Bd4 Bd8 35. Nc1 Bc8 36. Nb3 Bb7 37. Nc5 Bc8 1/2-1/2

[Event "GBR-ch75"]
[Site "Blackpool"]
[Date "1988.08.11"]
[Round "10.22"]
[White "Kwiatkowski, Feliks J"]
[Black "Ward, Christopher"]
[Result "1/2-1/2"]
[WhiteElo "2240"]
[BlackElo "2325"]
[PlyCount "114"]
[EventDate "1988.08.01"]
[EventType "swiss"]
[EventRounds "11"]
[EventCountry "GBR"]
[SourceTitle "BritBase12Sep20"]
[Source "John Saunders"]
[SourceDate "2020.09.12"]
[SourceVersion "1"]
[SourceVersionDate "2020.09.12"]
[SourceQuality "1"]

1. e4 c5 2. c3 Nf6 3. e5 Nd5 4. d4 cxd4 5. Nf3 Nc6 6. cxd4 d6 7. Bc4 dxe5 8.
Bxd5 Qxd5 9. Nc3 Qd6 10. d5 Nd4 11. Nxd4 exd4 12. Qxd4 e5 13. Qd3 Bd7 14. O-O
Qg6 15. Qxg6 hxg6 16. f4 Bc5+ 17. Kh1 exf4 18. Bxf4 Bf5 19. Na4 b6 20. Nxc5
bxc5 21. Rac1 Rc8 22. Be3 c4 23. Bxa7 Kd7 24. Rf4 Rhe8 25. Kg1 Re4 26. Rcf1
Rxf4 27. Rxf4 f6 28. Bd4 Kd6 29. Bc3 Kxd5 30. Rd4+ Kc5 31. Kf2 Re8 32. Kf3 Be6
33. Kf2 Bd5 34. Rg4 g5 35. h4 Be6 36. Rg3 g4 37. Re3 Bf7 38. Rxe8 Bxe8 39. Kg3
Bd7 40. Kf4 g5+ 41. hxg5 fxg5+ 42. Kxg5 Kb5 43. g3 Bc8 44. Kf6 Bb7 45. Ke5 Bf3
46. Kd4 Bd1 47. Bd2 Bf3 48. Kc3 Bd1 49. Be3 Bf3 50. Bf4 Bd1 51. Be5 Bf3 52. Bf6
Bd1 53. Kd2 Bf3 54. Kc2 Be4+ 55. Kc3 Bf3 56. Kc2 Be4+ 57. Kc3 Bf3 1/2-1/2

[Event "GBR-ch75"]
[Site "Blackpool"]
[Date "1988.08.11"]
[Round "10.26"]
[White "Findlay, Ian T"]
[Black "Coleman, David J"]
[Result "1-0"]
[WhiteElo "2350"]
[BlackElo "2240"]
[PlyCount "49"]
[EventDate "1988.08.01"]
[EventType "swiss"]
[EventRounds "11"]
[EventCountry "GBR"]
[SourceTitle "BritBase12Sep20"]
[Source "John Saunders"]
[SourceDate "2020.09.12"]
[SourceVersion "1"]
[SourceVersionDate "2020.09.12"]
[SourceQuality "1"]

1. e4 c5 2. Nf3 d6 3. d4 cxd4 4. Nxd4 Nf6 5. Nc3 a6 6. Bg5 e6 7. Qe2 Nbd7 8. f4
Qc7 9. O-O-O b5 10. g4 Bb7 11. Bg2 b4 12. Nd5 exd5 13. exd5+ Kd8 14. Rhe1 Kc8
15. Nc6 Qb6 16. Rd4 a5 17. Bxf6 Nxf6 18. g5 Nd7 19. Qe8+ Kc7 20. Qxf7 Qc5 21.
Bh3 Bc8 22. Re8 g6 23. Rxc8+ Rxc8 24. Qxd7+ Kb6 25. Qa7+ 1-0

[Event "GBR-ch75"]
[Site "Blackpool"]
[Date "1988.08.12"]
[Round "11.1"]
[White "Watson, William N"]
[Black "Mestel, A Jonathan"]
[Result "1/2-1/2"]
[WhiteElo "2500"]
[BlackElo "2510"]
[PlyCount "21"]
[EventDate "1988.08.01"]
[EventType "swiss"]
[EventRounds "11"]
[EventCountry "GBR"]
[SourceTitle "BritBase12Sep20"]
[Source "John Saunders"]
[SourceDate "2020.09.12"]
[SourceVersion "1"]
[SourceVersionDate "2020.09.12"]
[SourceQuality "1"]

1. e4 e6 2. d4 d5 3. Nd2 c5 4. Ngf3 cxd4 5. exd5 Qxd5 6. Bc4 Qd6 7. O-O Nc6 8.
Nb3 Nf6 9. Nbxd4 Nxd4 10. Qxd4 Qxd4 11. Nxd4 1/2-1/2

[Event "GBR-ch75"]
[Site "Blackpool"]
[Date "1988.08.12"]
[Round "11.2"]
[White "Hodgson, Julian M"]
[Black "Murshed, Niaz"]
[Result "0-1"]
[WhiteElo "2525"]
[BlackElo "2475"]
[PlyCount "74"]
[EventDate "1988.08.01"]
[EventType "swiss"]
[EventRounds "11"]
[EventCountry "GBR"]
[SourceTitle "BritBase12Sep20"]
[Source "John Saunders"]
[SourceDate "2020.09.12"]
[SourceVersion "1"]
[SourceVersionDate "2020.09.12"]
[SourceQuality "1"]

1. e4 c5 2. Nc3 Nc6 3. f4 g6 4. Nf3 Bg7 5. Bb5 Nd4 6. O-O Nxb5 7. Nxb5 d6 8. d3
Nf6 9. Qe1 Bd7 10. Nc3 Bc6 11. Bd2 Qc7 12. a4 a6 13. a5 h6 14. Na4 Nd7 15. Bc3
Bxc3 16. Qxc3 O-O 17. f5 Kh7 18. Rf2 gxf5 19. Nh4 e6 20. exf5 e5 21. f6 Rg8 22.
Nb6 Nxb6 23. axb6 Qxb6 24. d4 cxd4 25. Qh3 Rg5 26. Nf5 Rg6 27. Ne7 Rag8 28.
Nxg8 Kxg8 29. Rd1 Qxb2 30. Qc8+ Kh7 31. Qf5 Qc3 32. h4 h5 33. Qxh5+ Kg8 34. Qf5
Qe3 35. Kh1 Be4 36. Qc8+ Kh7 37. Rdf1 Qg3 0-1

[Event "GBR-ch75"]
[Site "Blackpool"]
[Date "1988.08.12"]
[Round "11.3"]
[White "Flear, Glenn C"]
[Black "Kosten, Anthony C"]
[Result "1/2-1/2"]
[WhiteElo "2470"]
[BlackElo "2510"]
[PlyCount "45"]
[EventDate "1988.08.01"]
[EventType "swiss"]
[EventRounds "11"]
[EventCountry "GBR"]
[SourceTitle "BritBase12Sep20"]
[Source "John Saunders"]
[SourceDate "2020.09.12"]
[SourceVersion "1"]
[SourceVersionDate "2020.09.12"]
[SourceQuality "1"]

1. d4 Nf6 2. c4 e6 3. Nf3 Bb4+ 4. Nbd2 b6 5. e3 Bb7 6. Bd3 O-O 7. O-O c5 8.
dxc5 Bxc5 9. a3 a5 10. b3 Nc6 11. Bb2 d5 12. cxd5 Nxd5 13. Ne4 Be7 14. Qe2 f5
15. Nc3 Nxc3 16. Bxc3 Bf6 17. Rac1 Bxc3 18. Rxc3 Qf6 19. Rfc1 Ne7 20. Rc7 Rac8
21. Rxc8 Rxc8 22. Rxc8+ Nxc8 23. Nd4 1/2-1/2

[Event "GBR-ch75"]
[Site "Blackpool"]
[Date "1988.08.12"]
[Round "11.4"]
[White "Bellin, Robert"]
[Black "Chandler, Murray G"]
[Result "0-1"]
[WhiteElo "2370"]
[BlackElo "2605"]
[PlyCount "76"]
[EventDate "1988.08.01"]
[EventType "swiss"]
[EventRounds "11"]
[EventCountry "GBR"]
[SourceTitle "BritBase12Sep20"]
[Source "John Saunders"]
[SourceDate "2020.09.12"]
[SourceVersion "1"]
[SourceVersionDate "2020.09.12"]
[SourceQuality "1"]

1. e3 e5 2. d4 Nc6 3. Nf3 e4 4. Nfd2 f5 5. c4 Nf6 6. Nc3 g6 7. a3 Bg7 8. b4 O-O
9. Be2 d5 10. Bb2 Ne7 11. g3 c6 12. b5 Kh8 13. a4 Be6 14. Ba3 Re8 15. Rb1 f4
16. gxf4 Nf5 17. bxc6 bxc6 18. c5 Nh4 19. Nb3 Rf8 20. Kd2 Bh6 21. Rg1 Ne8 22.
Kc2 g5 23. fxg5 Bxg5 24. Qe1 h6 25. Nd1 Nf3 26. Bxf3 exf3 27. Nb2 Qc7 28. Nd3
Bf5 29. Kc3 Nf6 30. Nd2 Rab8 31. Rxb8 Rxb8 32. Nb4 Qb7 33. Nb3 Ne4+ 34. Kb2 Bd8
35. a5 Qb5 36. Qf1 Qxf1 37. Rxf1 Bh4 38. Kc1 Bxf2 0-1

[Event "GBR-ch75"]
[Site "Blackpool"]
[Date "1988.08.12"]
[Round "11.5"]
[White "Motwani, Paul"]
[Black "Norwood, David"]
[Result "1/2-1/2"]
[WhiteElo "2455"]
[BlackElo "2470"]
[PlyCount "30"]
[EventDate "1988.08.01"]
[EventType "swiss"]
[EventRounds "11"]
[EventCountry "GBR"]
[SourceTitle "BritBase12Sep20"]
[Source "John Saunders"]
[SourceDate "2020.09.12"]
[SourceVersion "1"]
[SourceVersionDate "2020.09.12"]
[SourceQuality "1"]

1. e4 g6 2. d4 Bg7 3. Nf3 d6 4. Nc3 Nf6 5. h3 O-O 6. Be3 c6 7. a4 Nbd7 8. a5
Rb8 9. Be2 b5 10. axb6 axb6 11. O-O b5 12. e5 Ne8 13. Qc1 dxe5 14. dxe5 Nc7 15.
Rd1 Ne6 1/2-1/2

[Event "GBR-ch75"]
[Site "Blackpool"]
[Date "1988.08.12"]
[Round "11.6"]
[White "Adams, Michael"]
[Black "Pigott, John C"]
[Result "1-0"]
[WhiteElo "2460"]
[BlackElo "2365"]
[PlyCount "67"]
[EventDate "1988.08.01"]
[EventType "swiss"]
[EventRounds "11"]
[EventCountry "GBR"]
[SourceTitle "BritBase12Sep20"]
[Source "John Saunders"]
[SourceDate "2020.09.12"]
[SourceVersion "1"]
[SourceVersionDate "2020.09.12"]
[SourceQuality "1"]

1. e4 c5 2. Nf3 d6 3. d4 cxd4 4. Nxd4 Nf6 5. Nc3 a6 6. Be3 e6 7. Qd2 b5 8. f3
Nbd7 9. O-O-O b4 10. Nce2 d5 11. exd5 Nxd5 12. Bf2 Bb7 13. Kb1 Qc7 14. Rc1 Ne5
15. c4 Nb6 16. Nf4 Nexc4 17. Bxc4 Nxc4 18. Rxc4 Qxc4 19. Rc1 Qxc1+ 20. Qxc1 Bd6
21. Nh5 Rg8 22. Bg3 Rc8 23. Qg5 Be7 24. Nxg7+ Kd7 25. Qd2 Bd5 26. Nh5 Rc5 27.
Nb3 Rb5 28. Nf4 Rc8 29. Qd4 a5 30. Qd3 Rc4 31. Nxd5 exd5 32. Nd2 Rcc5 33. Ne4
Rc4 34. b3 1-0

[Event "GBR-ch75"]
[Site "Blackpool"]
[Date "1988.08.12"]
[Round "11.7"]
[White "McNab, Colin Anderson"]
[Black "Plaskett, H James"]
[Result "0-1"]
[WhiteElo "2410"]
[BlackElo "2450"]
[PlyCount "72"]
[EventDate "1988.08.01"]
[EventType "swiss"]
[EventRounds "11"]
[EventCountry "GBR"]
[SourceTitle "BritBase12Sep20"]
[Source "John Saunders"]
[SourceDate "2020.09.12"]
[SourceVersion "1"]
[SourceVersionDate "2020.09.12"]
[SourceQuality "1"]

1. c4 e5 2. Nc3 Bb4 3. Qc2 Nc6 4. Nf3 d6 5. e3 Bxc3 6. Qxc3 f5 7. d4 exd4 8.
Nxd4 Nf6 9. Nxc6 bxc6 10. Be2 O-O 11. O-O c5 12. Qd3 Qe7 13. b3 Bb7 14. Bb2 Ne4
15. f3 Ng5 16. Rae1 Rae8 17. Bd1 Qf7 18. f4 Ne4 19. Bf3 Re6 20. Re2 Rfe8 21.
Qd1 Qd7 22. Qe1 Bc6 23. Bxe4 Bxe4 24. Qc3 Rh6 25. Rff2 Ree6 26. b4 cxb4 27.
Qxb4 c5 28. Qb8+ Kf7 29. Rd2 Bc6 30. Rd3 Qe7 31. Ra3 a5 32. Qh8 Rhg6 33. Bc1
Qh4 34. Bd2 Re8 35. Qxe8+ Kxe8 36. Rxa5 Qh3 0-1

[Event "GBR-ch75"]
[Site "Blackpool"]
[Date "1988.08.12"]
[Round "11.8"]
[White "Gallagher, Joseph G"]
[Black "Conquest, Stuart"]
[Result "0-1"]
[WhiteElo "2445"]
[BlackElo "2490"]
[PlyCount "70"]
[EventDate "1988.08.01"]
[EventType "swiss"]
[EventRounds "11"]
[EventCountry "GBR"]
[SourceTitle "BritBase12Sep20"]
[Source "John Saunders"]
[SourceDate "2020.09.12"]
[SourceVersion "1"]
[SourceVersionDate "2020.09.12"]
[SourceQuality "1"]

1. e4 e5 2. f4 exf4 3. Nf3 d6 4. d4 g5 5. h4 g4 6. Ng1 f3 7. gxf3 Be7 8. Be3
Bxh4+ 9. Kd2 c5 10. Kc1 cxd4 11. Qxd4 Bf6 12. Qd2 Nc6 13. Nc3 Be6 14. Nd5 Bxd5
15. exd5 Ne5 16. f4 Nd7 17. Rh5 Ne7 18. Be2 g3 19. a4 a6 20. Ra3 Rc8 21. Bd4
Rg8 22. Rxh7 Nf5 23. Bh5 Bxd4 24. Rxf7 Qb6 25. Rg7+ Kd8 26. Rxg8+ Ke7 27. Qe2+
Ne5 28. Rxc8 Bxb2+ 29. Kd2 Qxg1 30. fxe5 Bc1+ 31. Kc3 Qd4+ 32. Kb3 Qb2+ 33. Kc4
b5+ 34. axb5 axb5+ 35. Kd3 Qd4# 0-1

[Event "GBR-ch75"]
[Site "Blackpool"]
[Date "1988.08.12"]
[Round "11.9"]
[White "Cooper, John G"]
[Black "Hebden, Mark L"]
[Result "0-1"]
[WhiteElo "2380"]
[BlackElo "2460"]
[PlyCount "70"]
[EventDate "1988.08.01"]
[EventType "swiss"]
[EventRounds "11"]
[EventCountry "GBR"]
[SourceTitle "BritBase12Sep20"]
[Source "John Saunders"]
[SourceDate "2020.09.12"]
[SourceVersion "1"]
[SourceVersionDate "2020.09.12"]
[SourceQuality "1"]

1. Nf3 Nf6 2. c4 g6 3. Nc3 Bg7 4. e4 O-O 5. d4 d6 6. Be2 e5 7. d5 a5 8. Bg5 h6
9. Bh4 Na6 10. Nd2 Qe8 11. a3 Bd7 12. b3 Nh7 13. O-O h5 14. f3 Bh6 15. Rb1 Be3+
16. Bf2 Bc5 17. Bxc5 dxc5 18. Qe1 Qe7 19. h4 f5 20. exf5 gxf5 21. Bd3 Rf7 22.
Rb2 Kh8 23. Ndb1 Rg8 24. Re2 Rfg7 25. Bc2 Rg3 26. f4 Qxh4 27. Rd2 Nf6 28. Bd1
e4 29. Rb2 Qh3 30. Rff2 e3 31. Rfc2 e2 32. Rxe2 Ng4 33. Re7 Qh2+ 34. Kf1 Qh1+
35. Ke2 Qxg2+ 0-1

[Event "GBR-ch75"]
[Site "Blackpool"]
[Date "1988.08.12"]
[Round "11.10"]
[White "Lane, Gary William"]
[Black "Bell, Stephen"]
[Result "1-0"]
[WhiteElo "2410"]
[BlackElo "2380"]
[PlyCount "81"]
[EventDate "1988.08.01"]
[EventType "swiss"]
[EventRounds "11"]
[EventCountry "GBR"]
[SourceTitle "BritBase12Sep20"]
[Source "John Saunders"]
[SourceDate "2020.09.12"]
[SourceVersion "1"]
[SourceVersionDate "2020.09.12"]
[SourceQuality "1"]

1. e4 d6 2. d4 Nf6 3. Nc3 g6 4. Be3 Bg7 5. Qd2 c6 6. Bh6 Bxh6 7. Qxh6 Qa5 8.
Bd3 Nbd7 9. Nf3 b5 10. O-O Qc7 11. Rfe1 e5 12. d5 b4 13. dxc6 bxc3 14. cxd7+
Bxd7 15. b3 Ng4 16. Qh4 Qd8 17. Qg3 O-O 18. Bc4 Nf6 19. Rad1 Qe7 20. Rd3 Rac8
21. Rxc3 Kg7 22. Qh4 Bb5 23. Nd2 d5 24. exd5 Qb4 25. Rd3 Bxc4 26. bxc4 e4 27.
Rd4 Qb2 28. c3 Rfe8 29. Qg3 Qxa2 30. h3 a5 31. d6 Rcd8 32. c5 Nh5 33. Qg5 f6
34. Qd5 Qxd5 35. Rxd5 Nf4 36. Rd4 Nd3 37. Rxd3 exd3 38. Rxe8 Rxe8 39. d7 Kf7
40. dxe8=Q+ Kxe8 41. f4 1-0

[Event "GBR-ch75"]
[Site "Blackpool"]
[Date "1988.08.12"]
[Round "11.12"]
[White "Rogers, Ian"]
[Black "Mortazavi, Ali"]
[Result "0-1"]
[WhiteElo "2535"]
[BlackElo "2290"]
[PlyCount "80"]
[EventDate "1988.08.01"]
[EventType "swiss"]
[EventRounds "11"]
[EventCountry "GBR"]
[SourceTitle "BritBase12Sep20"]
[Source "John Saunders"]
[SourceDate "2020.09.12"]
[SourceVersion "1"]
[SourceVersionDate "2020.09.12"]
[SourceQuality "1"]

1. c3 f5 2. d4 e6 3. g3 Nf6 4. Bg2 d5 5. Nh3 Bd6 6. Bf4 O-O 7. Nd2 Qe7 8. Nf3
Ne4 9. Bxd6 cxd6 10. O-O Nd7 11. Ne1 b5 12. f3 Nef6 13. Nf2 Bb7 14. Qd3 Nb6 15.
Nc2 Rac8 16. Rfe1 Qf7 17. Qxb5 Nc4 18. Qb3 f4 19. gxf4 Rb8 20. Nb4 a5 21. Nbd3
Ne3 22. Nd1 Bc6 23. Nxe3 Rxb3 24. axb3 Nh5 25. Rxa5 Nxf4 26. Nxf4 Qxf4 27. Nf1
e5 28. e3 Qg5 29. Kh1 Qg6 30. Ra6 Qe8 31. Ng3 Qd7 32. Rea1 Kh8 33. f4 exf4 34.
exf4 Bb5 35. Ra7 Qg4 36. f5 h5 37. f6 gxf6 38. Rb7 Bd3 39. Rg1 h4 40. Nf1 Rg8
0-1

[Event "GBR-ch75"]
[Site "Blackpool"]
[Date "1988.08.12"]
[Round "11.14"]
[White "Pritchett, Craig William"]
[Black "Arkell, Keith C"]
[Result "0-1"]
[WhiteElo "2400"]
[BlackElo "2430"]
[PlyCount "77"]
[EventDate "1988.08.01"]
[EventType "swiss"]
[EventRounds "11"]
[EventCountry "GBR"]
[SourceTitle "BritBase12Sep20"]
[Source "John Saunders"]
[SourceDate "2020.09.12"]
[SourceVersion "1"]
[SourceVersionDate "2020.09.12"]
[SourceQuality "1"]

1. c4 b6 2. Nc3 e6 3. d4 Bb4 4. e3 Bxc3+ 5. bxc3 Bb7 6. Ne2 d6 7. Ng3 Ne7 8. e4
O-O 9. Bd3 f5 10. exf5 Nxf5 11. O-O Nd7 12. Qg4 Qf6 13. Bd2 c5 14. Rae1 g6 15.
Ne4 Bxe4 16. Bxe4 Rac8 17. Bb7 Rce8 18. Bc6 Qg7 19. Bg5 Rc8 20. Qe4 Kh8 21.
Bxd7 Qxd7 22. dxc5 Rxc5 23. Qxe6 Qxe6 24. Rxe6 Rxc4 25. h3 h6 26. Bf6+ Kg8 27.
g4 Ng7 28. Rxd6 Ne8 29. Rd4 Rxc3 30. Be5 Rxh3 31. Bg3 h5 32. Kg2 hxg4 33. Rxg4
Rh6 34. Rd1 Nf6 35. Ra4 Rh7 36. Rd6 Re7 37. Bh4 Kg7 38. Rf4 Ref7 39. Ra4 0-1

[Event "GBR-ch75"]
[Site "Blackpool"]
[Date "1988.08.12"]
[Round "11.15"]
[White "Wells, Peter K"]
[Black "Knox, Victor W"]
[Result "0-1"]
[WhiteElo "2410"]
[BlackElo "2315"]
[PlyCount "72"]
[EventDate "1988.08.01"]
[EventType "swiss"]
[EventRounds "11"]
[EventCountry "GBR"]
[SourceTitle "BritBase12Sep20"]
[Source "John Saunders"]
[SourceDate "2020.09.12"]
[SourceVersion "1"]
[SourceVersionDate "2020.09.12"]
[SourceQuality "1"]

1. d4 d5 2. Nf3 Nf6 3. c4 c6 4. Nc3 e6 5. Bg5 dxc4 6. e4 b5 7. e5 h6 8. Bh4 g5
9. exf6 gxh4 10. Ne5 Qxf6 11. g3 Nd7 12. Qe2 Bb7 13. Bg2 Bb4 14. O-O Bxc3 15.
bxc3 Nxe5 16. dxe5 Qe7 17. a4 a6 18. Rfd1 Rd8 19. Qe3 Rd7 20. Bf3 Kd8 21. Qb6+
Kc8 22. Bxc6 Rxd1+ 23. Rxd1 Qc7 24. Qxc7+ Kxc7 25. axb5 Bxc6 26. bxc6 Kxc6 27.
Rd4 Kc5 28. Rd7 Ra8 29. Rxf7 a5 30. Rb7 a4 31. Rb1 Kd5 32. f4 Ke4 33. Kf2 Kd3
34. g4 a3 35. f5 a2 36. Ra1 Kxc3 0-1

[Event "GBR-ch75"]
[Site "Blackpool"]
[Date "1988.08.12"]
[Round "11.16"]
[White "Howell, James C"]
[Black "Walker, David"]
[Result "1-0"]
[WhiteElo "2420"]
[BlackElo "2285"]
[PlyCount "111"]
[EventDate "1988.08.01"]
[EventType "swiss"]
[EventRounds "11"]
[EventCountry "GBR"]
[SourceTitle "BritBase12Sep20"]
[Source "John Saunders"]
[SourceDate "2020.09.12"]
[SourceVersion "1"]
[SourceVersionDate "2020.09.12"]
[SourceQuality "1"]

1. d4 Nf6 2. c4 g6 3. g3 Bg7 4. Bg2 O-O 5. Nc3 d6 6. Nf3 Nc6 7. O-O Bf5 8. d5
Na5 9. Nd2 c5 10. e4 Bg4 11. f3 Bd7 12. Qc2 a6 13. b3 e5 14. Bb2 Nh5 15. Ne2
Bh6 16. Qc3 b5 17. f4 Bg4 18. Bf3 Bxf3 19. Rxf3 f6 20. Raf1 Qb6 21. Nc1 Nb7 22.
Nd3 Rae8 23. Kh1 b4 24. Qc2 a5 25. a3 Qc7 26. R1f2 Qe7 27. axb4 axb4 28. Qd1
Qd7 29. Qf1 Nd8 30. Re2 Nf7 31. Qg2 Re7 32. h3 Bg7 33. Rf1 f5 34. fxe5 Nxe5 35.
Bxe5 Bxe5 36. Nxe5 Rxe5 37. Ref2 Ree8 38. exf5 Re3 39. Rf3 Rxf3 40. Rxf3 Rxf5
41. g4 Rxf3 42. Qxf3 Ng7 43. Ne4 Ne8 44. Ng5 Qe7 45. Ne6 Ng7 46. Qe3 Qf6 47.
Kg2 h6 48. Nf4 Kf7 49. Ne2 h5 50. Ng3 Qb2+ 51. Kf3 hxg4+ 52. hxg4 Qb1 53. Ne4
Qh1+ 54. Kg3 Ne8 55. Ng5+ Kg7 56. Qe7+ 1-0

[Event "GBR-ch75"]
[Site "Blackpool"]
[Date "1988.08.12"]
[Round "11.17"]
[White "Hempson, Peter W"]
[Black "Pein, Malcolm"]
[Result "0-1"]
[WhiteElo "2225"]
[BlackElo "2410"]
[PlyCount "60"]
[EventDate "1988.08.01"]
[EventType "swiss"]
[EventRounds "11"]
[EventCountry "GBR"]
[SourceTitle "BritBase12Sep20"]
[Source "John Saunders"]
[SourceDate "2020.09.12"]
[SourceVersion "1"]
[SourceVersionDate "2020.09.12"]
[SourceQuality "1"]

1. d4 Nf6 2. c4 g6 3. Nc3 d5 4. cxd5 Nxd5 5. e4 Nxc3 6. bxc3 Bg7 7. Bc4 O-O 8.
Ne2 Qd7 9. O-O b6 10. Ba3 Bb7 11. f3 Nc6 12. Bb5 a6 13. Ba4 b5 14. Bb3 Rfd8 15.
Qc2 a5 16. Bc5 a4 17. Bd5 Na5 18. Bxb7 Nxb7 19. Bb4 c5 20. dxc5 Qc7 21. Rad1
Nxc5 22. Rxd8+ Rxd8 23. Rd1 Na6 24. Rxd8+ Qxd8 25. Nf4 Qc7 26. Qd2 Bh6 27. g3
e5 28. Bd6 Qb6+ 29. Kg2 exf4 30. Qd5 Nc7 0-1

[Event "GBR-ch75"]
[Site "Blackpool"]
[Date "1988.08.12"]
[Round "11.19"]
[White "Lalic, Susan Kathryn"]
[Black "McDonald, Neil R"]
[Result "0-1"]
[WhiteElo "2355"]
[BlackElo "2360"]
[PlyCount "84"]
[EventDate "1988.08.01"]
[EventType "swiss"]
[EventRounds "11"]
[EventCountry "GBR"]
[SourceTitle "BritBase12Sep20"]
[Source "John Saunders"]
[SourceDate "2020.09.12"]
[SourceVersion "1"]
[SourceVersionDate "2020.09.12"]
[SourceQuality "1"]

1. e4 e6 2. d4 d5 3. Nc3 Bb4 4. e5 c5 5. Qg4 Ne7 6. Nf3 Nbc6 7. a3 Bxc3+ 8.
bxc3 O-O 9. Bd3 f5 10. exf6 Rxf6 11. Bg5 e5 12. Qh4 e4 13. Bxf6 gxf6 14. Qxf6
Qf8 15. Qxf8+ Kxf8 16. Bxe4 dxe4 17. Ng5 cxd4 18. Nxe4 Bf5 19. f3 Bxe4 20. fxe4
dxc3 21. Rf1+ Kg7 22. Rf3 Re8 23. O-O-O Ne5 24. Rxc3 N7c6 25. a4 Re6 26. Rg3+
Kf8 27. Rf1+ Nf7 28. Rgf3 Ncd8 29. Re1 Ke7 30. h4 Ra6 31. Ra3 Ne5 32. h5 Nc4
33. Ra1 b5 34. c3 bxa4 35. g4 Ne6 36. Kc2 Ra5 37. Rab1 Na3+ 38. Kd3 Nc5+ 39.
Ke3 Nxb1 40. Rxb1 a3 41. g5 a2 42. Ra1 Nb3 0-1

[Event "GBR-ch75"]
[Site "Blackpool"]
[Date "1988.08.12"]
[Round "11.20"]
[White "Upton, Timothy J"]
[Black "Bellin, Jana"]
[Result "1-0"]
[WhiteElo "2265"]
[BlackElo "2300"]
[PlyCount "53"]
[EventDate "1988.08.01"]
[EventType "swiss"]
[EventRounds "11"]
[EventCountry "GBR"]
[SourceTitle "BritBase12Sep20"]
[Source "John Saunders"]
[SourceDate "2020.09.12"]
[SourceVersion "1"]
[SourceVersionDate "2020.09.12"]
[SourceQuality "1"]

1. e4 c5 2. Nf3 e6 3. d4 cxd4 4. Nxd4 a6 5. Be2 Qc7 6. O-O Nf6 7. Nc3 Nc6 8.
Be3 Be7 9. f4 d6 10. Qe1 O-O 11. Qg3 Bd7 12. Rae1 b5 13. a3 Rab8 14. Bd3 b4 15.
axb4 Nxb4 16. e5 Nfd5 17. Nxd5 Nxd5 18. Bc1 Qb6 19. c3 g6 20. Kh1 Rfe8 21. f5
exf5 22. Bxf5 Qd8 23. e6 fxe6 24. Nxe6 Bh4 25. Nxd8 Rxe1 26. Qxe1 Bxe1 27. Bxd7
1-0